| 000 | 00371nam a2200145Ia 4500 | ||
|---|---|---|---|
| 008 | 230917s9999||||xx |||||||||||||| ||und|| | ||
| 040 |
_e85970 _aMAIN |
||
| 041 | _aEnglish | ||
| 082 | _a759.95401 M857S | ||
| 100 | _aMoti Chandra | ||
| 245 | 0 | _aStudies in early Indian paintings | |
| 260 |
_aBombay _bAsia Publishing House _c1970 |
||
| 300 | _axi, 160 p. | ||
| 942 | _cBK | ||
| 999 |
_c212698 _d212698 |
||